| 000 | 01395nam a2200205Ia 4500 | ||
|---|---|---|---|
| 008 | 0000002011 sp ad 0000000000mul00 | ||
| 090 | _aPSP00 L18g | ||
| 245 | 1 | 0 |
_aLaura González _b: Gramática del color _c/ textos Oscar Alonso Molina ...[et al.] ; traducción Lambe & Nieto, Kim Eddy ; fotografías Alberto García ...[et al.] |
| 300 |
_a169 p. _c/ 24 cm. |
||
| 500 | _aExposición realizada en el Centro Atlántico de Arte Moderno en Palmas de Gran Canaria, España entre el 1 de enero al 29 de mayo de 2011 \ Incluye datos biográficos y cronología artística \ Texto en español e inglés \ Donación de Carlos Jiménez, 2012 | ||
| 501 | _aGramática del color: hablando en tono menor / Omar Pascual Castillo ¿Qué ha dicho eXactamente Laura González Cabrerá / Oscar Alonso Molina Entrevista con LAura González Cabrera / Mariano de Santa Ana La notara / Jorge Blasco Gallardo La imposibilidad de la pintura / David Barro | ||
| 600 | 0 | 0 |
_a GONZALEZ CABRERA, LAURA, 1976/ _xTRABAJOS PICTORICOS |
| 650 | 1 | 4 | _a PINTURA ESPAÑOLA |
| 650 | 1 | 4 | _aARTE CONTEMPORANEO ESPAÑOL |
| 650 | 1 | 4 | _aARTISTAS PLASTICOS ESPAÑOLES |
| 650 | 1 | 4 | _xCATALOGOS |
| 650 | 1 | 4 | _xEXPOSICIONES |
| 700 | 1 | _aCastillo, Omar Pascual \ Alonso Molina, Oscar \ Santa Ana, Mariano de \ Barro, David | |
| 999 |
_c14198 _d14198 |
||
| 260 |
_aLas Palmas de Gran Canaria : Centro Atlántico de Arte Moderno. Caam _c2011 |
||